أصول الاقتصاد الاسلامى و نظرية التوازن الاقتصادى فى الإسلام/ (Record no. 15776)
[ view plain ]
| 000 -الفاتح | |
|---|---|
| حقل البيانات ثابتة الطول | 00830nam a22001697a 4500 |
| 008 - عناصر البيانات ثابتة الطول - معلومات عامة | |
| حقل البيانات ثابتة الطول | 110802t1984 xxu||||g |||| 000 0 ara d |
| 082 ## - رقم تصنيف ديوى العشرى | |
| رقم الطبعة | 22 |
| رقم التصنيف | 330.121 |
| رقم المادة | لا ا ه |
| 100 ## - المدخل الرئيسى - إسم شخصى | |
| 9 (RLIN) | 26537 |
| الإسم الشخصى | عبد الاه ،امين مصطفى |
| 245 ## - بيان العنوان | |
| العنوان | أصول الاقتصاد الاسلامى و نظرية التوازن الاقتصادى فى الإسلام/ |
| بيان المسئوليه,etc | امين مصطفى عبد اللاه |
| 260 ## - PUBLICATION, DISTRIBUTION, ETC. (IMPRINT) | |
| مكان الناشر او الموزع | [سوريا]: |
| اسم الناشر او الموزع | مطبعة عيسى البابى الحلبى و شركاه،1984. |
| تاريخ النشر أو التوزيع | 1984. |
| 300 ## - الوصف المادى | |
| التعداد | 376ص، |
| أبعاد الوعاء | 24سم. |
| 650 ## - المدخل الاضافى بالموضوع-مصطلح موضوعى | |
| 9 (RLIN) | 16107 |
| مصطلح موضوعي أو اسم جغرافي كعنصر مدخل | الاقتصاد الإسلامى |
| 650 ## - المدخل الاضافى بالموضوع-مصطلح موضوعى | |
| 9 (RLIN) | 26538 |
| مصطلح موضوعي أو اسم جغرافي كعنصر مدخل | الإسلام و الاقتصاد |
| 653 ## - مصطلح تكشيفى غير مقيد | |
| Resource For college | |
| Arrived date list | August2011 |
| 942 ## - عناصر المدخل الإضافي( كوها) | |
| مصدر التصنيف او مخطط الترفيف | Dewey Decimal Classification |
| Koha [default] item type | Book - Borrowing |
| حالة التراجع | حالة الفقد | مصدر التصنيف او خطة الترفيف | حالة تلف | ليس للاعارة | مجموعات كوها | المكان الدائم | المكان الحالي | موقع الترفيف | تاريخ الاكتساب | Source of acquisition | رقم الاستدعاء | الباركود | Date last seen | نوع الوعاء |
|---|---|---|---|---|---|---|---|---|---|---|---|---|---|---|
| Dewey Decimal Classification | Central Library | Central Library | First floor | 02/08/2011 | Purchase | 330.121 لا ا ه | 000023026 | 15/07/2025 | Book - Borrowing |